[Event "Sombor Milicevic Memorial"]
[Site "Sombor"]
[Date "2019.10.28"]
[Round "9"]
[White "Vlaisavljevic, Ilija"]
[Black "Babac, Zoran"]
[Result "1-0"]
[WhiteElo "1872"]
[BlackElo "1621"]
[PlyCount "119"]
[EventDate "2019.10.09"]
[EventType "swiss"]
[EventRounds "9"]
[EventCountry "SRB"]
[SourceTitle "CBM 192 Extra"]
[Source "Chessbase"]
[SourceDate "2019.11.06"]
[SourceVersion "1"]
[SourceVersionDate "2019.11.06"]
[SourceQuality "1"]

1. e4 e5 2. f4 d5 3. exd5 exf4 4. Nf3 c6 5. d4 Bd6 6. Bd3 cxd5 7. 0-0 Bg4 8. Qe1+ Qe7 9. Qc3 Nc6 10. Re1 Be6 11. Bb5 Rc8 12. Ne5 Bxe5 13. Rxe5 Nf6 14. Bxf4 0-0 15. Bxc6 Rxc6 16. Qd3 Qb4 17. Bc1 Ng4 18. Re2 Qd6 19. g3 Qd7 20. c3 Bf5 21. Qd1 Nf6 22. Qe1 Ne4 23. Nd2 Bg4 24. Re3 Re6 25. Nxe4 Rxe4 26. Rxe4 dxe4 27. Be3 Bf3 28. Rc1 b5 29. Rc2 Qd5 30. b3 Rc8 31. Qc1 h5 32. c4 bxc4 33. bxc4 Qd7 34. Qd2 h4 35. Qf2 Rb8 36. Rb2 Rxb2 37. Qxb2 hxg3 38. Qb8+ Kh7 39. Qxg3 Qa4 40. Qh3+ Kg8 41. Qf1 Qxa2 42. c5 Qe6 43. Qf2 a5 44. Qc2 Qg4+ 45. Kf1 Qh3+ 46. Ke1 Qh4+ 47. Qf2 Qxf2+ 48. Kxf2 Bg4 49. d5 Bc8 50. c6 Kf8 51. Bc5+ Ke8 52. d6 g5 53. Ke3 f5 54. Kd4 a4 55. Ke5 g4 56. d7+ Bxd7 57. cxd7+ Kxd7 58. Kxf5 Ke8 59. Kxg4 Kf7 60. Kf4 1-0

[Event "Sombor Milicevic Memorial"]
[Site "Sombor"]
[Date "2019.10.09"]
[Round "1"]
[White "Vulin, Lana"]
[Black "Vlaisavljevic, Ilija"]
[Result "0-1"]
[WhiteElo "1305"]
[BlackElo "1872"]
[PlyCount "66"]
[EventDate "2019.10.09"]
[EventType "swiss"]
[EventRounds "9"]
[EventCountry "SRB"]
[SourceTitle "CBM 192 Extra"]
[Source "Chessbase"]
[SourceDate "2019.11.06"]
[SourceVersion "1"]
[SourceVersionDate "2019.11.06"]
[SourceQuality "1"]

1. d4 e5 2. c3 exd4 3. cxd4 d5 4. Nc3 c6 5. Nf3 h6 6. e3 Nf6 7. Bd3 Bd6 8. b3 0-0 9. Bb2 Re8 10. Qd2 Ne4 11. Qc2 Bf5 12. 0-0-0 Nxc3 13. Bxc3 Bxd3 14. Qxd3 a5 15. Kd2 Nd7 16. Rhe1 c5 17. dxc5 Nxc5 18. Qxd5 Ne4+ 19. Kc2 Nxc3 20. Kxc3 Bb4+ 21. Kb2 Qxd5 22. Rxd5 Bxe1 23. Nxe1 Re6 24. e4 Rxe4 25. Nd3 Re2+ 26. Kb1 a4 27. bxa4 Rxa4 28. Nb2 Rb4 29. Ka1 Rbxb2 30. Rd8+ Kh7 31. Rd7 Rxa2+ 32. Kb1 Rxf2 33. Kc1 Rxg2 0-1

[Event "Vojvodina-ch 6th"]
[Site "Novi Sad"]
[Date "2015.07.30"]
[Round "8"]
[White "Jocev, Milan"]
[Black "Vlaisavljevic, Ilija"]
[Result "1-0"]
[WhiteElo "2200"]
[BlackElo "1926"]
[PlyCount "67"]
[EventDate "2015.07.25"]
[EventType "swiss"]
[EventRounds "9"]
[EventCountry "YUG"]
[SourceTitle "EXT 2017"]
[Source "ChessBase"]
[SourceDate "2016.10.25"]
[SourceVersion "1"]
[SourceVersionDate "2016.10.25"]
[SourceQuality "1"]

1. Nf3 d5 2. d4 c6 3. c4 Nf6 4. Nc3 e6 5. Bg5 Be7 6. e3 Nbd7 7. Rc1 Nb6 8. c5 Nbd7 9. Bd3 h6 10. Bf4 0-0 11. 0-0 Re8 12. b4 a6 13. Bb1 Nh7 14. Qd3 Ndf8 15. e4 Bg5 16. Nxg5 Nxg5 17. Bd6 f5 18. f3 Nf7 19. Bg3 Bd7 20. Na4 Qf6 21. Nb6 Ra7 22. exf5 exf5 23. Nxd7 Nxd7 24. Qxf5 Qxf5 25. Bxf5 Nf6 26. Rfe1 Raa8 27. Rxe8+ Rxe8 28. Re1 Rxe1+ 29. Bxe1 Nd8 30. Bc8 Kf8 31. Bg3 Ne8 32. Kf2 a5 33. bxa5 g5 34. Bxb7 1-0